Từng bước luyện nói tiếng Anh lưu loát, tập 1 (Kèm theo CD/ 753)

Gorde:
Xehetasun bibliografikoak
Formatua: Liburua
Argitaratua: 2008
Etiketak: Etiketa erantsi
Etiketarik gabe, Izan zaitez lehena erregistro honi etiketa jartzen!
Thư viện lưu trữ: Mạng thư viện Đại học Đà Nẵng
LEADER 00494nam a22001811a 4500
001 000038400
003 14695
005 20160412021307.0
008 160412s2008 000
082 |a 4A(07)2506 
245 |a Từng bước luyện nói tiếng Anh lưu loát, tập 1 (Kèm theo CD/ 753)  |c Christopher B.Allen 
260 |c 2008 
OWN |a LNN 
999 |a From the UDN01 
TYP |a Monograph 
980 |a Mạng thư viện Đại học Đà Nẵng